Tunnista sienet - kuvavisa - Statistics

Yleistilastot
  • Tätä visaa on pelattu 135 kertaa
  • Keskiarvotulos 10 / 27
Vastaustilastot
Kuvavisa Vastaus % Oikein
Keltavahvero / kantarelli
93%
Punakärpässieni
82%
Herkkutatti
80%
Korvasieni
80%
Suppilovahvero
79%
Valkokärpässieni
69%
Mustatorvisieni
55%
Lampaankääpä
46%
Haavanpunikkitatti
44%
Karvarousku
44%
Vaaleaorakas
43%
Keltahapero
40%
Peltoherkkusieni
32%
Kangasrousku
29%
Ukonsieni
27%
Koivuhapero
21%
Kartiohuhtasieni
19%
Kehnäsieni
19%
Limanuljaska
19%
Koivunkantosieni
18%
Suippumyrkkyseitikki
18%
Kuusenleppärousku
17%
Tuoksuvalmuska / matsutake
17%
Osterivinokas
14%
Suomumustesieni
13%
Kuusensuomuorakas
12%
Kurttusieni
7%
Ehtoja vastaavia visoja ei löytynyt
Tulosjakauma
Jokaisen tuloksen saaneiden osuus
Persentiili vastausten määrän mukaan
Tuloshistoriasi
Et ole pelannut tätä visaa